<?xml version="1.0" encoding="UTF-8"?>
<record
    xmlns:xsi="http://www.w3.org/2001/XMLSchema-instance"
    xsi:schemaLocation="http://www.loc.gov/MARC21/slim http://www.loc.gov/standards/marcxml/schema/MARC21slim.xsd"
    xmlns="http://www.loc.gov/MARC21/slim">

  <leader>01291nas a2200325 a 4500</leader>
  <datafield tag="999" ind1=" " ind2=" ">
    <subfield code="c">7639</subfield>
    <subfield code="d">7639</subfield>
  </datafield>
  <controlfield tag="001">991045914489706706</controlfield>
  <controlfield tag="003">OSt</controlfield>
  <controlfield tag="005">20220208185248.0</controlfield>
  <controlfield tag="008">070215r20061929spc|| ||| |||o0   ||cat|c</controlfield>
  <datafield tag="017" ind1=" " ind2=" ">
    <subfield code="a">DL B. 51700-2006</subfield>
  </datafield>
  <datafield tag="020" ind1=" " ind2=" ">
    <subfield code="a">8493437085</subfield>
  </datafield>
  <datafield tag="035" ind1=" " ind2=" ">
    <subfield code="a">(ES-BaCBU).b36778655</subfield>
  </datafield>
  <datafield tag="035" ind1=" " ind2=" ">
    <subfield code="a">(OCoLC)803323564</subfield>
  </datafield>
  <datafield tag="040" ind1=" " ind2=" ">
    <subfield code="a">ES-BaCBU</subfield>
    <subfield code="b">cat</subfield>
    <subfield code="c">CDMR</subfield>
  </datafield>
  <datafield tag="080" ind1=" " ind2=" ">
    <subfield code="a">849.9(05)</subfield>
  </datafield>
  <datafield tag="245" ind1="0" ind2="0">
    <subfield code="a">Helix :</subfield>
    <subfield code="b">Vilafranca del Pened&#xE8;s : 1929-1930</subfield>
  </datafield>
  <datafield tag="250" ind1=" " ind2=" ">
    <subfield code="a">Ed. facs&#xED;mil / a cura de C&#xE0;tedra d'Art i Cultura Contemporanis de la Universitat de Girona</subfield>
  </datafield>
  <datafield tag="260" ind1=" " ind2=" ">
    <subfield code="a">Vilafranca del Pened&#xE8;s :</subfield>
    <subfield code="b">Edicions i Propostes Culturals Andana,</subfield>
    <subfield code="c">cop. 2006</subfield>
  </datafield>
  <datafield tag="300" ind1=" " ind2=" ">
    <subfield code="a">118 p. :</subfield>
    <subfield code="b">il.;</subfield>
    <subfield code="c">28 cm</subfield>
  </datafield>
  <datafield tag="500" ind1=" " ind2=" ">
    <subfield code="a">Amb la col&#xB7;laboraci&#xF3; del Consell Comarcal Alt Pened&#xE8;s</subfield>
  </datafield>
  <datafield tag="580" ind1=" " ind2=" ">
    <subfield code="a">Facs&#xED;mil de la publicaci&#xF3; en s&#xE8;rie mensual "H&#xE8;lix", Vilafranca del Pened&#xE8;s : Impr. Claret, 1920-1930</subfield>
  </datafield>
  <datafield tag="630" ind1="0" ind2="7">
    <subfield code="a">Helix (Revista)</subfield>
    <subfield code="2">lemac</subfield>
  </datafield>
  <datafield tag="650" ind1=" " ind2="0">
    <subfield code="a">Revistes catalanes</subfield>
    <subfield code="x">Hist&#xF2;ria</subfield>
    <subfield code="9">4401</subfield>
  </datafield>
  <datafield tag="710" ind1="2" ind2=" ">
    <subfield code="a">Universitat de Girona.</subfield>
    <subfield code="b">C&#xE0;tedra d'Art i Cultura Contemporanis</subfield>
  </datafield>
  <datafield tag="710" ind1="1" ind2=" ">
    <subfield code="a">Alt Pened&#xE8;s (Catalunya).</subfield>
    <subfield code="b">Consell Comarcal</subfield>
  </datafield>
  <datafield tag="907" ind1=" " ind2=" ">
    <subfield code="a">.b36778655</subfield>
    <subfield code="b">27-05-21</subfield>
    <subfield code="c">20-12-12</subfield>
    <subfield code="d">15-02-07</subfield>
    <subfield code="e">s</subfield>
    <subfield code="f">b</subfield>
    <subfield code="g">-</subfield>
    <subfield code="h">cat</subfield>
    <subfield code="i">spc</subfield>
    <subfield code="j">0</subfield>
    <subfield code="k">5</subfield>
  </datafield>
  <datafield tag="908" ind1=" " ind2=" ">
    <subfield code="a">BAB</subfield>
    <subfield code="a">UAB</subfield>
    <subfield code="a">UdG</subfield>
    <subfield code="a">URV</subfield>
    <subfield code="a">FJM</subfield>
    <subfield code="a">GEPA</subfield>
    <subfield code="a">AHCB</subfield>
    <subfield code="a">MNAC</subfield>
  </datafield>
  <datafield tag="940" ind1=" " ind2=" ">
    <subfield code="d">BAB</subfield>
    <subfield code="d">MNAC</subfield>
  </datafield>
  <datafield tag="942" ind1=" " ind2=" ">
    <subfield code="2">udc</subfield>
    <subfield code="c">MON</subfield>
  </datafield>
  <datafield tag="952" ind1=" " ind2=" ">
    <subfield code="0">0</subfield>
    <subfield code="1">0</subfield>
    <subfield code="4">0</subfield>
    <subfield code="7">0</subfield>
    <subfield code="a">CDMR</subfield>
    <subfield code="b">CDMR</subfield>
    <subfield code="d">2022-02-08</subfield>
    <subfield code="e">Donaci&#xF3;</subfield>
    <subfield code="g">24.00</subfield>
    <subfield code="l">0</subfield>
    <subfield code="o">Du 9/64</subfield>
    <subfield code="p">CDMR22020005</subfield>
    <subfield code="r">2022-02-08</subfield>
    <subfield code="w">2022-02-08</subfield>
    <subfield code="y">MON</subfield>
  </datafield>
</record>
